<?xml version="1.0" encoding="UTF-8"?>
<record
    xmlns:xsi="http://www.w3.org/2001/XMLSchema-instance"
    xsi:schemaLocation="http://www.loc.gov/MARC21/slim http://www.loc.gov/standards/marcxml/schema/MARC21slim.xsd"
    xmlns="http://www.loc.gov/MARC21/slim">

  <leader>00364nam a22001457a 4500</leader>
  <controlfield tag="005">20260227105917.0</controlfield>
  <controlfield tag="008">260227b        |||||||| |||| 00| 0 eng d</controlfield>
  <datafield tag="041" ind1=" " ind2=" ">
    <subfield code="a">Eng.</subfield>
  </datafield>
  <datafield tag="100" ind1=" " ind2=" ">
    <subfield code="a">Patil, A. &amp; Khole, S.</subfield>
    <subfield code="9">216790</subfield>
  </datafield>
  <datafield tag="245" ind1=" " ind2=" ">
    <subfield code="a">Banking and Finance Sem.- IV ( S.Y.B.B.A. )</subfield>
  </datafield>
  <datafield tag="250" ind1=" " ind2=" ">
    <subfield code="a">1st ed.</subfield>
  </datafield>
  <datafield tag="260" ind1=" " ind2=" ">
    <subfield code="a">Pune</subfield>
    <subfield code="b">Nirali Books</subfield>
  </datafield>
  <datafield tag="300" ind1=" " ind2=" ">
    <subfield code="a">A.4</subfield>
  </datafield>
  <datafield tag="942" ind1=" " ind2=" ">
    <subfield code="c">BK</subfield>
  </datafield>
  <datafield tag="999" ind1=" " ind2=" ">
    <subfield code="c">370522</subfield>
    <subfield code="d">370522</subfield>
  </datafield>
  <datafield tag="952" ind1=" " ind2=" ">
    <subfield code="0">0</subfield>
    <subfield code="1">0</subfield>
    <subfield code="2">ddc</subfield>
    <subfield code="4">0</subfield>
    <subfield code="7">0</subfield>
    <subfield code="a">SSMM</subfield>
    <subfield code="b">SSMM</subfield>
    <subfield code="d">2026-02-27</subfield>
    <subfield code="e">Nirali</subfield>
    <subfield code="g">140.00</subfield>
    <subfield code="i">P 75710</subfield>
    <subfield code="l">1</subfield>
    <subfield code="p">SSMM-BK-32989</subfield>
    <subfield code="r">2026-03-05 10:51:21</subfield>
    <subfield code="s">2026-03-04</subfield>
    <subfield code="w">2026-02-24</subfield>
    <subfield code="y">BK</subfield>
    <subfield code="z">010032989</subfield>
  </datafield>
  <datafield tag="952" ind1=" " ind2=" ">
    <subfield code="0">0</subfield>
    <subfield code="1">0</subfield>
    <subfield code="2">ddc</subfield>
    <subfield code="4">0</subfield>
    <subfield code="7">0</subfield>
    <subfield code="a">SSMM</subfield>
    <subfield code="b">SSMM</subfield>
    <subfield code="d">2026-02-27</subfield>
    <subfield code="e">Nirali</subfield>
    <subfield code="g">140.00</subfield>
    <subfield code="i">P 75710</subfield>
    <subfield code="l">0</subfield>
    <subfield code="p">SSMM-BK-32990</subfield>
    <subfield code="r">2026-02-27 11:00:00</subfield>
    <subfield code="w">2026-02-24</subfield>
    <subfield code="y">BK</subfield>
    <subfield code="z">010032990</subfield>
  </datafield>
  <datafield tag="952" ind1=" " ind2=" ">
    <subfield code="0">0</subfield>
    <subfield code="1">0</subfield>
    <subfield code="2">ddc</subfield>
    <subfield code="4">0</subfield>
    <subfield code="7">0</subfield>
    <subfield code="a">SSMM</subfield>
    <subfield code="b">SSMM</subfield>
    <subfield code="d">2026-02-27</subfield>
    <subfield code="e">Nirali</subfield>
    <subfield code="g">140.00</subfield>
    <subfield code="i">P 75710</subfield>
    <subfield code="l">0</subfield>
    <subfield code="p">SSMM-BK-32991</subfield>
    <subfield code="r">2026-02-27 11:00:00</subfield>
    <subfield code="w">2026-02-24</subfield>
    <subfield code="y">BK</subfield>
    <subfield code="z">010032991</subfield>
  </datafield>
  <datafield tag="952" ind1=" " ind2=" ">
    <subfield code="0">0</subfield>
    <subfield code="1">0</subfield>
    <subfield code="2">ddc</subfield>
    <subfield code="4">0</subfield>
    <subfield code="7">0</subfield>
    <subfield code="a">SSMM</subfield>
    <subfield code="b">SSMM</subfield>
    <subfield code="d">2026-02-27</subfield>
    <subfield code="e">Nirali</subfield>
    <subfield code="g">140.00</subfield>
    <subfield code="i">P 75710</subfield>
    <subfield code="l">0</subfield>
    <subfield code="p">SSMM-BK-32992</subfield>
    <subfield code="r">2026-02-27 11:00:00</subfield>
    <subfield code="w">2026-02-24</subfield>
    <subfield code="y">BK</subfield>
    <subfield code="z">010032992</subfield>
  </datafield>
  <datafield tag="952" ind1=" " ind2=" ">
    <subfield code="0">0</subfield>
    <subfield code="1">0</subfield>
    <subfield code="2">ddc</subfield>
    <subfield code="4">0</subfield>
    <subfield code="7">0</subfield>
    <subfield code="a">SSMM</subfield>
    <subfield code="b">SSMM</subfield>
    <subfield code="d">2026-02-27</subfield>
    <subfield code="e">Nirali</subfield>
    <subfield code="g">140.00</subfield>
    <subfield code="i">P 75710</subfield>
    <subfield code="l">0</subfield>
    <subfield code="p">SSMM-BK-32993</subfield>
    <subfield code="r">2026-02-27 11:00:00</subfield>
    <subfield code="w">2026-02-24</subfield>
    <subfield code="y">BK</subfield>
    <subfield code="z">010032993</subfield>
  </datafield>
</record>
